Statistics for Norges fylker (kart)

Click here to take the quiz!

General Stats

  • This quiz has been taken 202 times
  • The average score is 9 of 11

Answers on the Map

Answers color-coded by a green-red scale on the quiz's map according to % correct below.
 

Answer Stats

HintHintFylke% Correct
683.0342.0Oslo
92%
384.2167.2Nordland
88%
487.6125.0Agder
87%
480.5125.0Viken
85%
384.0118.7Trøndelag
82%
425.5124.0Troms og Finnmark
81%
420.0301.2Møre og Romsdal
80%
209.0180.9Rogaland
79%
241.4204.0Vestland
79%
234.0373.0Innlandet
76%
414.2100.9Vestfold og Telemark
58%

Score Distribution

Percentile by Number Answered

Percent of People with Each Score

Your Score History

You have not taken this quiz